Informe sobre la situación actual y perspectivas de la economía nacional
Guardado en:
| Hovedforfatter: | |
|---|---|
| Format: | Texto |
| Udgivet: |
San José:
MIDEPLAN
|
| Tags: |
Tilføj Tag
Ingen Tags, Vær først til at tagge denne postø!
|
MARC
| LEADER | 00000 a a2200000 04500 | ||
|---|---|---|---|
| 001 | 21605 | ||
| 003 | |||
| 040 | |||
| 090 | |a 096000 | ||
| 100 | |a Villasuso Estomba, Juan Manuel | ||
| 245 | |a Informe sobre la situación actual y perspectivas de la economía nacional | ||
| 260 | |a San José: |b MIDEPLAN | ||
| 300 | |a 10 p. | ||
| 999 | |c 311 |d 311 | ||
